Informacja o sytuacji gospodarczej w sierpniu 1990 r.

Materiál vypracoval Poľský štatistický úrad. Hodnotenie celkovej situácie. Javy vytvárajúce dopyt - zásoby peňazí a úvery, financie podnikov, príjmy a výdavky obyvateľstva, štátny rozpočet, ceny, úroky a devízové kurzy. Výroba - roľníctvo, priemysel, investície a stavebníctvo, bytová výstavba. Trh p...

Descripción completa

Guardado en:
Detalles Bibliográficos
Formato: Capítulo de libro
Lenguaje:polaco
Materias:
Etiquetas: Agregar Etiqueta
Sin Etiquetas, Sea el primero en etiquetar este registro!

MARC

LEADER 00000naa a2200000 4500
001 r002904
005 20220819194057.2
041 0 |a pol 
044 |a PL 
245 1 0 |a Informacja o sytuacji gospodarczej w sierpniu 1990 r. 
520 |a Materiál vypracoval Poľský štatistický úrad. Hodnotenie celkovej situácie. Javy vytvárajúce dopyt - zásoby peňazí a úvery, financie podnikov, príjmy a výdavky obyvateľstva, štátny rozpočet, ceny, úroky a devízové kurzy. Výroba - roľníctvo, priemysel, investície a stavebníctvo, bytová výstavba. Trh práce. Zahraničný obchod. 
610 2 0 |a rozvoj hospodársky 
610 2 0 |a PR 
610 2 0 |a údaje štatistické 
610 2 0 |a 1990 
610 2 0 |a financie 
610 2 0 |a sféra výrobná 
610 2 0 |a trh práce 
610 2 0 |a obchod zahraničný